000 01390nam a2200361Ia 4500
001 ebr10598122
003 CaPaEBR
006 m u
007 cr cn|||||||||
008 950727c19961995gw a sb 001 0 eng d
010 _z 95024901
020 _z3110126265
020 _z9783110126266
020 _z9783110889376
040 _aCaPaEBR
_cCaPaEBR
035 _a(OCoLC)841172145
050 1 4 _aP158.15
_b.A93 1996eb
082 0 4 _a415
_220
245 0 0 _aAutolexical theory
_h[electronic resource] :
_bideas and methods /
_cedited by Eric Schiller, Elisa Steinberg, Barbara Need.
260 _aBerlin ;
_aNew York :
_bM. de Gruyter,
_c1996, c1995.
300 _a375 p. :
_bill.
490 0 _aTrends in linguistics. Studies and monographs ;
_v85
504 _aIncludes bibliographical references and index.
533 _aElectronic reproduction.
_bPalo Alto, Calif. :
_cebrary,
_d2011.
_nAvailable via World Wide Web.
_nAccess may be limited to ebrary affiliated libraries.
650 0 _aAutolexical theory (Linguistics)
650 0 _aGenerative grammar.
655 7 _aElectronic books.
_2local
700 1 _aSchiller, Eric.
700 1 _aSteinberg, Elisa,
_d1944-
700 1 _aNeed, Barbara,
_d1959-
710 2 _aebrary, Inc.
856 4 0 _uhttp://site.ebrary.com/lib/rucke/Doc?id=10598122
_zAn electronic book accessible through the World Wide Web; click to view
999 _c212779
_d212779